Statistics for 10 Most Densely Populated Countries- Asia

Click here to take the quiz!

General Stats

  • This quiz has been taken 25 times
  • The average score is 8 of 10

Answer Stats

People per sq kmCountry% Correct
1286Bangladesh
91%
470India
91%
531South Korea
91%
7919Singapore
87%
354Sri Lanka
87%
1882Bahrain
78%
426Israel
74%
554Lebanon
70%
376Philippines
70%
1715Maldives
61%

Score Distribution

Percentile by Number Answered

Percent of People with Each Score

Your Score History

You have not taken this quiz